BUBT Library Online Catalog

Mulla Principles of Hindu Law : (Record no. 3386)

000 -LEADER
fixed length control field 00586nam a2200205Ia 4500
003 - CONTROL NUMBER IDENTIFIER
control field BUBTL
008 - FIXED-LENGTH DATA ELEMENTS--GENERAL INFORMATION
fixed length control field 151213s9999 xx 000 0 und d
020 ## - INTERNATIONAL STANDARD BOOK NUMBER
International Standard Book Number 8171180248
082 ## - DEWEY DECIMAL CLASSIFICATION NUMBER
Classification number 340.58/ D4511h/ 1990
100 ## - MAIN ENTRY--PERSONAL NAME
Personal name Desai, Sunderlal T.
9 (RLIN) 2472
245 ## - TITLE STATEMENT
Title Mulla Principles of Hindu Law :
Statement of responsibility, etc. Sunderlal T. Desai
250 ## - EDITION STATEMENT
Edition statement 16th
260 ## - PUBLICATION, DISTRIBUTION, ETC. (IMPRINT)
Place of publication, distribution, etc. Mumbai
Name of publisher, distributor, etc. Bombay N.M.Tripathi , Private Ltd.
Date of publication, distribution, etc. c1990
300 ## - PHYSICAL DESCRIPTION
Extent [lxxx], 1060p. :
Other physical details 22cm
650 ## - SUBJECT ADDED ENTRY--TOPICAL TERM
Topical term or geographic name as entry element Law
700 ## - ADDED ENTRY--PERSONAL NAME
Personal name Sunderlal T. Desai
9 (RLIN) 4521
856 ## - ELECTRONIC LOCATION AND ACCESS
Password 0
Logon 0
Link text Download
942 ## - ADDED ENTRY ELEMENTS (KOHA)
Source of classification or shelving scheme
Koha item type Books
Holdings
Withdrawn status Lost status Source of classification or shelving scheme Damaged status Not for loan Collection code Permanent location Current location Shelving location Date acquired Source of acquisition Inventory number Total Checkouts Full call number Barcode Date last seen Copy number Price effective from Koha item type
          Non-fiction Bangladesh University of Business and Technology Library Bangladesh University of Business and Technology Library Law Stacks 09/10/2008 Purchase 5798   340.58/ D4511h/ 1990 BUBTL-20035798 02/10/2022 C-1 02/10/2022 Books
          Non-fiction Bangladesh University of Business and Technology Library Bangladesh University of Business and Technology Library Law Stacks 09/05/2008 Purchase 5799   340.58/ D4511h/ 1990 BUBTL-20035799 02/10/2022 C-2 02/10/2022 Books
          Non-fiction Bangladesh University of Business and Technology Library Bangladesh University of Business and Technology Library Law Stacks 04/11/2007 Purchase 3621   340.58/ D4511h/ 1990 BUBTL-20033621 02/10/2022 C-3 02/10/2022 Books
          Non-fiction Bangladesh University of Business and Technology Library Bangladesh University of Business and Technology Library Law Stacks 04/11/2007 Purchase 3622   340.58/ D4511h/ 1990 BUBTL-20033622 02/10/2022 C-4 02/10/2022 Books
          Non-fiction Bangladesh University of Business and Technology Library Bangladesh University of Business and Technology Library Law Stacks 04/11/2007 Purchase 3620   340.58/ D4511h/ 1990 BUBTL-20033620 02/10/2022 C-5 02/10/2022 Books
        Not For Loan Non-fiction Bangladesh University of Business and Technology Library Bangladesh University of Business and Technology Library Law Stacks 03/30/2005 Purchase 2004   340.58/ D4511h/ 1990 BUBTL-20032004 02/10/2022 C-6 02/10/2022 Books

More Information About Library

Library Hours

  • Open: 9.00 am. to 9.00 pm.
  • Only Sunday: 9.00 am. to 6.00 pm.
  • Closed: Holiday

Contact to the University

Bangladesh University of Business and Technology Library

  • Mirpurl-2, 1216.
  • Phone:
  • Fax:
  • E-Mail: admin.library@bubt.edu.bd

Contact to the Library

Contact Person:

Md. Abdul Hakim Shah
Joint Librarian
PABX No:  113
Cell No: 01816332931
E-mail: official: admin.library@bubt.edu.bd
Personal: hakim.shah@bubt.edu.bd


BUBT Library

Copyright © 2021